|
|
|
|
| LEADER |
01187nam a2200265 a 4500 |
| 001 |
13309970 |
| 008 |
091103s2003 bg b 001 0 eng d |
| 010 |
|
|
|a 2003331042
|
| 020 |
|
|
|a 9840516337
|
| 040 |
|
|
|a DLC
|c DLC
|
| 082 |
0 |
0 |
|a 608.7172/4
|2 22
|
| 245 |
0 |
0 |
|a Building technological capability :
|b issues and prospects, Nepal, Bangladesh and India /
|c edited by Mozammel Huq.
|
| 260 |
|
|
|a Dhaka :
|b University Press,
|c 2003.
|
| 300 |
|
|
|a xxii, 256 p. ;
|c 22 cm.
|
| 520 |
|
|
|a Contributed articles.
|
| 504 |
|
|
|a Includes bibliographical references and index.
|
| 541 |
1 |
|
|e 00016465
|
| 650 |
|
0 |
|a Technological innovations
|z Developing countries.
|
| 650 |
|
0 |
|a Research, Industrial
|z Developing countries.
|
| 650 |
|
0 |
|a Technical assistance
|z Developing countries.
|
| 700 |
1 |
|
|a Huq, M. M.
|
| 852 |
4 |
|
|a Ayesha Abed Library
|j General Shelf
|
| 999 |
|
|
|c 5610
|d 5610
|
| 952 |
|
|
|0 0
|1 0
|2 ddc
|4 0
|6 608_717240000000000_BUI_2003
|7 0
|9 5512
|a BRACUL
|b BRACUL
|c GEN
|d 2009-11-19
|g 328.00
|l 0
|o 608.71724 BUI
|p 3010016465
|r 2009-11-19
|t 1
|v 656.00
|w 2009-11-19
|y BK
|
| 952 |
|
|
|0 0
|1 0
|2 ddc
|4 0
|6 608_717200000000000_4_BUI
|7 0
|9 43015
|a SCL
|b SCL
|c GEN
|d 2004-02-19
|g 450.00
|l 0
|o 608.71724 BUI
|p 3020004492
|r 2014-07-08
|t 2
|w 2014-07-08
|y BK
|